Nők ábrázolása a televíziós reklámokban

Bibliográfiai részletek
Szerző: Szakácsi Dalma
További közreműködők: Z. Papp Zsuzsanna
Dokumentumtípus: Diplomadolgozat
Kulcsszavak:Nők
Reklámpszichológia
Primer kutatás
Online Access:http://dolgozattar.uni-bge.hu/3847

MARC

LEADER 00000nta a2200000 i 4500
001 dolg3847
005 20160914111803.0
008 151207suuuu hu om 000 hun d
040 |a BGE Dolgozattár Repozitórium  |b hun 
041 |a hu 
100 1 |a Szakácsi Dalma 
245 1 0 |a Nők ábrázolása a televíziós reklámokban  |c Szakácsi Dalma  |h [elektronikus dokumentum] 
246 1 1 |a Nők ábrázolása a televíziós reklámokban 
695 |a Nők 
695 |a Reklámpszichológia 
695 |a Primer kutatás 
700 1 |a Z. Papp Zsuzsanna  |e ths 
856 4 0 |u http://dolgozattar.uni-bge.hu/3847/1/szakdolgozat%20-%20Sz.D..pdf  |z Dokumentum-elérés